| 000 | 00736nam a2200241Ia 4500 | ||
|---|---|---|---|
| 003 | OSt | ||
| 005 | 20240925152309.0 | ||
| 006 | a|||||r|||| 00| 0 | ||
| 007 | ta | ||
| 008 | 220927b |||||||| |||| 00| 0 eng d | ||
| 020 | _a9780195647365 | ||
| 024 | _a14729 | ||
| 037 | _cTextual | ||
| 040 |
_aSDCL _cSDCL _beng |
||
| 041 |
_2eng _aeng |
||
| 082 | _aO1512,3NSTx 111N4 | ||
| 100 |
_aO'Hanlon, Rosalind _9428497 |
||
| 245 | 0 |
_aComparison between women and men : _bTarabai Shide and the critique of gender relations in colonial India / |
|
| 260 |
_c1994. _aNew Delhi : _bOxford University Press, |
||
| 300 | _a147p. | ||
| 942 |
_hO1512,3NSTx 111N4 _cTEXL _2CC |
||
| 999 |
_c817138 _d817138 |
||